| 000 | 00758nam a22002177a 4500 | ||
|---|---|---|---|
| 999 |
_c11753 _d11753 |
||
| 003 | AR-CdUCM | ||
| 008 | 190404b ||||| |||| 00| 0 spa d | ||
| 040 |
_aMUNICIPALIDAD PROVINCIAL DEL CUSCO _cBIBLIOTECA MUNICIPAL DEL CUSCO |
||
| 082 |
_aEP / 780 / _bC25 |
||
| 100 |
_aCanelo Marcet, Flor de María _927512 |
||
| 245 |
_aMariposita Siete Colores : _bCanciones Andinas para Cantar con los Niños / |
||
| 260 |
_aCuso-Perú : _bDidi de Arteta S. A. |
||
| 300 |
_a52 páginas ; _bIlustraciones _c26cm |
||
| 505 | _a Contenido: Canciones andinas | ||
| 650 |
_aEducación primaria _91561 |
||
| 650 |
_aCanciones _914568 |
||
| 650 |
_aMúsica _91443 |
||
| 710 |
_aAsociación Pukllasunchis _92457 |
||
| 942 |
_2ddc _cLIBROS |
||
| 945 |
_anom _d2019-04-04 |
||